01008cam a2200253 a 450000100100000000500170001000800410002702000150006804000180008308200180010110000450011924500490016426000730021330000200028649000230030649000720032965000290040165000430043083000290047383000820050291000340058495201210061899900150073900000591820200929151835.0900124s1983 sp 001 p spa  a8400055640 aDO-SdBNPcDLC a861.64bH816p1 aHorno Delgado, Asunción,d1956-91669610aPrimeros poemas /cAsunción Horno Delgado. aZaragoza, España :bInstitución "Fernando el Católico",c1983. a75 p. ;c25 cm.1 aSan Jorgevvol. 381 aPublicación de la Institución "Fernando el Católico"vno. 952 4aPoesía española9631 4aLiteratura españolaySILO XXI916697 0aSan Jogevvol. 38916698 0aPublicación de la Institución "Fernando el Católico" ;vno. 952.913716 aCatalogación por copia / LC 001052708MOaGRbGRcCTd2009-08-24iLF1l0o861.64 H816pp5918-10r2020-06-25w2020-06-25y2ZPréstamo interno c5714d5714